| 000 | 00451nam a2200157Ia 4500 | ||
|---|---|---|---|
| 005 | 20250923150242.0 | ||
| 008 | 008 250917s9999 xx 000 0 eng d | ||
| 037 | _aTextual | ||
| 040 |
_aDSWL _beng _cDSWL |
||
| 041 |
_aeng _2eng |
||
| 084 |
_aQ7.4.9G, P8.1--.4 _qDSWL |
||
| 245 | 0 |
_aIslam in south Asia.4V _cEd.by M Hasan |
|
| 260 |
_aNew Delhi _b Mnohar _c2008 |
||
| 942 |
_cTEXL _hQ7.4.9G, P8.1--.4 |
||
| 999 |
_c1461302 _d1461302 |
||